000 00574nam a2200193Ia 4500
005 20250508161039.0
008 008 250505s9999 xx 000 0 eng d
020 _a0-470-98676-X
037 _aBooks to be hide in OPAC
040 _aFEDL
_beng
_cFEDL
041 _aeng
_2eng
084 _a921, ZUS
_qFEDL
100 _aZusne Leonard
_985467
245 0 _aNames in the history of psychology : A biographical sourcebook
260 _aNew York, USA
_bJohn Wiley and Sons
_c1975
300 _axvii,489p.
942 _cHB
_h921, ZUS
999 _c1368117
_d1368117